Fundamentals of linguistics (Record no. 9770)

MARC details
000 -LEADER
fixed length control field 00472cam a2200181ua 4500
001 - CONTROL NUMBER
control field 10820
005 - DATE AND TIME OF LATEST TRANSACTION
control field 20260515114650.0
008 - FIXED-LENGTH DATA ELEMENTS--GENERAL INFORMATION
fixed length control field 190406n ii |||gr||||Z||||||eng
020 ## - INTERNATIONAL STANDARD BOOK NUMBER
International Standard Book Number 9788126918904
040 ## - CATALOGING SOURCE
Transcribing agency MAIN
082 ## - DEWEY DECIMAL CLASSIFICATION NUMBER
Classification number 410
100 ## - MAIN ENTRY--PERSONAL NAME
Personal name Raj Kumar Sharma,
Relator term Author.
245 ## - TITLE STATEMENT
Title Fundamentals of linguistics
Statement of responsibility, etc. By Raj Kumar Sharma
260 ## - PUBLICATION, DISTRIBUTION, ETC.
Place of publication, distribution, etc. New Delhi:
Name of publisher, distributor, etc. Atlantic publishers and distributors,
Date of publication, distribution, etc. 2014.
300 ## - PHYSICAL DESCRIPTION
Extent 209p.
653 ## - INDEX TERM--UNCONTROLLED
Uncontrolled term Linguistics
942 ## - ADDED ENTRY ELEMENTS (KOHA)
Koha item type Books
Holdings
Withdrawn status Lost status Damaged status Not for loan Home library Current library Shelving location Date acquired Total checkouts Full call number Barcode Date last seen Copy number Price effective from Koha item type
        Naharkatiya College Library Naharkatiya College Library General stacks 09/19/2020   410Linguistics | SHA 24469 09/19/2020 1 09/19/2020 Books